000 00753nam a2200217 a 4500
001 000023681
005 20200930022405.0
008 101218s1977 fr 000 0 fre d
040 _aDO-SdBNP
_bfre
_cBNPHU
041 1 7 _afre
_hger
_2Código de idiomas MARC
082 _ann*
_bnn*
100 1 _aTrotsky, Léon.
_948783
245 1 0 _aLittérature at révolution /
_cLéon Trtsky ; traducción Tierre Frank, Claude Ligny y Jean-Jacques Marie ; prólogo Maurice Nadeau.
260 _aParis :
_bUnion Générale,
_c1977.
300 _a502,m [10] p. ;
_c18 cm.
700 1 _aFrank, Tierre,
_etr.
_948784
700 1 _aLigny, Claude,
_etr.
_948785
700 1 _aMarie, Jean-Jacques,
_etr.
_948786
700 1 _aNadeau, Maurice,
_epról.
_948787
049 _aBNGR
999 _c23177
_d23177